Rhymes with 'Gift' Quiz Stats

 Plays Quiz Updated Dec 22, 2017

Also try: Rhymes with 'Word'
Challenge
Share
Tweet
Embed
Score 0/17 Timer 02:00
10 Plays Today
% Correct
lift
95.5%
sift
87.2%
rift
84.2%
miffed
74%
shift
70.8%
drift
58.4%
whiffed
50.3%
stiffed
49.5%
tiffed
45.7%
% Correct
sniffed
42%
grift
41.9%
swift
39.6%
spiffed
38.5%
thrift
35.9%
riffed
34.1%
shrift
22.2%
squiffed
9.1%

You're not logged in!

Compare scores with friends on all Sporcle quizzes.
OR
Log In

You Might Also Like...

Show Comments

Extras

Top Quizzes Today


Score Distribution

Your Account Isn't Verified!

In order to create a playlist on Sporcle, you need to verify the email address you used during registration. Go to your Sporcle Settings to finish the process.

Report this User

Report this user for behavior that violates our Community Guidelines.

Details: